Missing Word: 'E' Actor Movies Quiz Stats

 Plays Quiz Updated Jul 3, 2015

Challenge
Share
Tweet
Embed
Score 0/24 Timer 03:00
0 Plays Today
Hint Answer % Correct
Clint EastwoodMillion
99.3%
Clint EastwoodDirty
97.1%
Clint EastwoodGran
96%
Sam ElliottThank
94.6%
Aaron EckhartDark
92.5%
Cary ElwesLiar
91.9%
Cary ElwesPrincess
91.4%
Jesse EisenbergSocial
89.1%
Clint EastwoodAlcatraz
87.5%
Sam ElliottAir
87%
Aaron EckhartAngeles
86.1%
Jesse EisenbergLove
84.9%
Hint Answer % Correct
Chris EvansFantastic
82.9%
Aaron EckhartBlack
81.6%
Cary ElwesHot
81.5%
Cary ElwesElla
78.8%
Chris EvansPilgrim
78%
Jesse EisenbergSee
75.7%
Sam ElliottLebowski
73.1%
Jesse EisenbergLess
69.9%
Aaron EckhartFallen
69.8%
Chris EvansTeen
67.7%
Sam ElliottSoldiers
49%
Chris EvansNanny
26.3%

Today's Daily Dose

You're not logged in!

Compare scores with friends on all Sporcle quizzes.
Join for Free
OR
Log In

You Might Also Like...

Show Comments

Extras

Top Quizzes Today


Score Distribution

Your Account Isn't Verified!

In order to create a playlist on Sporcle, you need to verify the email address you used during registration. Go to your Sporcle Settings to finish the process.

Report this User

Report this user for behavior that violates our Community Guidelines.

Details: